Представление документа в формате RUSMARC

ПолеНазваниеЗначение
  Тип записи a
  Библиографический уровень a
001 Контрольный номер RU/CBS_UL/BASE/f3c07718c1cb43389e6277ff5e4b0acd
005 Дата корректировки 20240703121054.7
100 Данные общей обработки __
a Данные общей обработки 20240703 ||| 0rusy0189 ca
101 Язык документа 0_
a Язык текста rus
102 Страна публикации __
a Страна публикации RU
200 Заглавие и сведения об ответственности 1_
a Заглавие Новости психологии
e Сведения, относящиеся к заглавию [о конференции Psychologies "Мозг будущего: инструкция для активных пользователей", которая прошла в Москве, Екатеринбурге и Новосибирске]
300 Общие примечания __
a Общие примечания 16+
461 Уровень набора _0
1 2000
a Вокруг света
463 Уровень физической единицы _0
1 2000
a № 5
v С. 14 : фот.
1 2101
d 2024
1 001RU/CBS_UL/BASE/87b56b4864504f51afc9381e7ab476af
606 Тематические рубрики 0_
a Основная рубрика История психологии - Российская Федерация
y Географическая подрубрика Екатеринбург, город
y Географическая подрубрика Москва, город
y Географическая подрубрика Новосибирск, город
610 Ключевые слова 0_
a Ключевые слова психология
610 Ключевые слова 0_
a Ключевые слова современная психология
610 Ключевые слова 0_
a Ключевые слова конференции по психологии
610 Ключевые слова 0_
a Ключевые слова Мозг будущего: инструкция для активных пользователей (конференции)
610 Ключевые слова 0_
a Ключевые слова мастер-классы по психологии
686 Индексы других классификаций __
2 Код системы rubbk
a Классификационный индекс 88.1(2)64
801 Источник записи _0
a Страна RU
b Организация МБУК ЦБС г. Ульяновска
c Дата составления 20240703
g Правила каталогизации RCR
801 Источник записи _1
a Страна RU
b Организация МБУК ЦБС г. Ульяновска
c Дата составления 20240703
g Правила каталогизации RCR
901 Тип документа __
t Тип документа b
w Контрольный № источника RU/CBS_UL/BASE/87b56b4864504f51afc9381e7ab476af
909 Создатель записи __
a Создатель записи lib1